Cities of Monterey County on a Map - Statistics

General Stats
  • This quiz has been taken 167 times
  • The average score is 7 of 12
Answers on the Map
Answers color-coded by a green-red scale on the quiz's map according to % correct below.
 
Answer Stats
Answer % Correct
Monterey
98%
Salinas
86%
Carmel-by-the-Sea
82%
Seaside
60%
Marina
56%
King City
54%
Pacific Grove
54%
Sand City
51%
Soledad
44%
Del Rey Oaks
40%
Greenfield
40%
Gonzales
37%
No matching quizzes found
Score Distribution
Percent of People with Each Score
Percentile by Number Answered
Your Score History
You have not taken this quiz